Estadísticas para 10 Países Europeos con el Mayor Número de Turistas

Haz click aquí para intentar la prueba.

Estadísticas generales

  • Esta prueba ha sido intentada 5.077 veces
  • La puntuación promedio es 9 de 10

Estadísticas de respuestas

# de turistasPaís% Correcto
75.6 MEspaña
100%
82.6 MFrancia
100%
52.4 MItalia
98%
35.6 MAlemania
96%
35.8 MReino Unido
96%
24.8 MGrecia
88%
24.6 MRusia
85%
15.8 MPaíses Bajos
80%
17.5 MPolonia
77%
28.1 MAustria
71%

Distribución de puntuación

Porcentaje por número respondido

Porcentaje de gente con cada puntuación

Historial de tus puntuaciones

No has intentado esta prueba.